00924nam a2200253 i 450000100060000000300090000600500170001500700030003200800410003508000210007610000600009724501420015726000400029930000220033949000240036165000140038570000270039970000370042683000320046385200310049594200080052699900170053495201190055117709ES-MaACL20250513063016.0t|010508s1956 ag ||||1| spa d a821.134.2-22"16"1 aCalderón de la Barca, Pedro, d1600-1681eaut923959413aLa aurora en Copacabana / cCalderón de la Barca ; estudio preliminar de Ricardo Rojas ; edición anotada por Antonio Pagés Larraya. aBuenos Aires : bHachette, c[1956] a222 p. ; c21 cm.1 aEl pasado argentino14a 92395181 aRojas, Ricardo.9990581 aPagés Larraya, Antonio.9882880 aEl pasado argentino9228734 aES-MaACLjA-277 bR.130029 2udc c17709d17709 00104070aATENEOMbATENEOMcSPP1d2008-01-17eSCl0oA-277p1018065r2023-02-23 00:00:00w2023-02-23yMONOGRAFIA